| 000 | 01220nam a22003257a 4500 | ||
|---|---|---|---|
| 005 | 20110803145642.0 | ||
| 008 | 110803t xxu||||| |||| 00| 0 eng d | ||
| 010 | _aENG-103210 | ||
| 020 |
_a9780071332590 _c525.00 |
||
| 020 |
_a0071332596 _c525.00 |
||
| 035 | _aEN-86743 | ||
| 037 | _bDBAD / PUB | ||
| 040 |
_adpl _bEnglish |
||
| 082 | _a303.34 | ||
| 100 | _929868 | ||
| 245 |
_aLeaders & the leadership process : _cedited by Jon L. Pierce [and] John W. Newstrom _breadings, self-assessments & applications / |
||
| 250 | _a5th ed | ||
| 260 |
_aNew Delhi _bTata McGraw Hill _c2011 |
||
| 270 |
_a7, West Patel Nagar _bNew Delhi _e110008 |
||
| 300 |
_axIvi,530p. : _c28cm (pbk) _bill. |
||
| 500 | _aIncludes bibliographical references and index. | ||
| 650 |
_929869 _aLeadership. |
||
| 650 |
_931012 _aLeadership _vCase studies. |
||
| 650 |
_aLeadership _vProblems, exercises, etc. _931098 |
||
| 651 | _91549 | ||
| 700 |
_929871 _aPierce, Jon L. _q(Jon Lepley) |
||
| 700 |
_aNewstrom, John W. _931077 |
||
| 942 |
_2ddc _cEN _mLEA _h303.34 |
||
| 999 |
_c54796 _d54796 |
||